चाँद चलता है : (Record no. 113413)

MARC details
000 -LEADER
fixed length control field 01121nam a22002537a 4500
005 - DATE AND TIME OF LATEST TRANSACTION
control field 20170124102953.0
010 ## - LIBRARY OF CONGRESS CONTROL NUMBER
LC control number A-952094
020 ## - INTERNATIONAL STANDARD BOOK NUMBER
Terms of availability 170.00
International Standard Book Number 8122500218
035 ## - SYSTEM CONTROL NUMBER
System control number A-952094
037 ## - SOURCE OF ACQUISITION
Source of stock number/acquisition Cen Lib/Ret
040 ## - CATALOGING SOURCE
Original cataloging agency DPL
Language of cataloging HN
082 ## - DEWEY DECIMAL CLASSIFICATION NUMBER
Classification number 821
Item number नक़वी
100 ## - MAIN ENTRY--PERSONAL NAME
Personal name नक़वी, यास्मीन सुलताना
9 (RLIN) 52131
245 ## - TITLE STATEMENT
Title चाँद चलता है :
Statement of responsibility, etc यास्मीन सुलताना नक़वी
Remainder of title काव्य संग्रह /
246 ## - VARYING FORM OF TITLE
Title proper/short title Chand chalta hai : kavya sangreh /
Remainder of title by Yasmeen Sultana Naqvi
260 ## - PUBLICATION, DISTRIBUTION, ETC. (IMPRINT)
Place of publication, distribution, etc नई दिल्ली
Name of publisher, distributor, etc किताब महल
Date of publication, distribution, etc 1997
270 ## - ADDRESS
Address 28 नेताजी सुभाष मार्ग
City नई दिल्ली
Postal code 110002
300 ## - PHYSICAL DESCRIPTION
Extent 121पृ.
Dimensions 20सेमी(सजिल्द)
650 ## - SUBJECT ADDED ENTRY--TOPICAL TERM
Topical term or geographic name as entry element हिंदी साहित्य
9 (RLIN) 52132
650 ## - SUBJECT ADDED ENTRY--TOPICAL TERM
Topical term or geographic name as entry element हिंदी साहित्य -- कविता
9 (RLIN) 52133
650 ## - SUBJECT ADDED ENTRY--TOPICAL TERM
Topical term or geographic name as entry element Hindi literature
9 (RLIN) 52134
650 ## - SUBJECT ADDED ENTRY--TOPICAL TERM
Topical term or geographic name as entry element Hindi literature -- Poetry
9 (RLIN) 52135
942 ## - ADDED ENTRY ELEMENTS (KOHA)
Source of classification or shelving scheme Dewey Decimal Classification
Koha item type Hindi Books
Classification part 821
Call number suffix नक़वी
Holdings
Withdrawn status Lost status Damaged status Not for loan Home library Current library Date acquired Source of acquisition Cost, normal purchase price Total Checkouts Full call number Barcode Date last seen Date checked out Copy number Cost, replacement price Price effective from Koha item type
        Central Library Central Library 12/08/2015 Cen Lib/Ret 170.00 1 821 नक़वी A-952094 26/08/2023 10/08/2023 1 170.00 12/08/2015 Hindi Books

© Delhi Public Library
Hit Counter
free hit counter